Benim çocukluğum fesleğen kokar (Record no. 10006)

MARC details
000 -BAŞLIK
Sabit Uzunlukta Kontrol Alanı 00925na a2200289 4500
001 - KONTROL NUMARASI
Denetim Alanı 14249
003 - KONTROL NUMARASI IDENTIFIER
Denetim Alanı MIRAKIL
005 - SON İŞLEM TARİHİ VE ZAMANI
Denetim Alanı 20181213155304.0
008 - SABİT-BOY VERİ ELEMANLARI - GENEL BİLGİLER
Sabit Uzunlukta Kontrol Alanı 161028b tu 000 0
020 ## - ULUSLARARASI STANDART KİTAP NUMARASI
Uluslararası Standart Kitap Numarası 9758126490
035 ## - SİSTEM KONTROL NUMARASI
Sistem Kontrol Numarası 14249
040 ## - KATALOGLAMA KAYNAK
Orijinal Kataloglama Ajansı Milas
Kataloglama Dili tur
Metne Dönüştürmek Ajansı TR-AnCHP
041 ## - DİL KODU
Metin / Ses Parça Veya Ayrı Başlığın Dil Kodu tur
082 ## - DEWEY ONLU SINIFLANDIRMA NUMARASI
Sınıflandırma Numarası 811.42
Ürün Numarası G75b 2003
090 ## - SINIFLAMA NUMARASI
Sınıflama Numarası 811.42 G75b 2003
100 ## - ANA GİRİŞ - KİŞİSEL İSİM
Kişisel Ad Gönenç, Turgay
Bir Adıyla İlişkilendirilen Tarihler 1939-
245 ## - BAŞLIK TABLOSU
Başlık Benim çocukluğum fesleğen kokar
Başlığın Kalan Barok esintintiler
-- Toplu şiirler : resimler (2001-2002)
Sorumluluk Tablosu, Vb Turgay Gönenç
246 ## - UNVAN FORM VARYING
Başlık Doğru / Kısa Başlığı Toplu şiirler : resimler (2001-2002)
246 ## - UNVAN FORM VARYING
Başlık Doğru / Kısa Başlığı Barok esintintiler
260 ## - YAYIN, DAĞITIM, VB
Yayın, Dağıtım, Vb Yeri İstanbul
Yayıncı, Dağıtıcı, Vs Adı Bilim Sanat Galerisi
Yayın, Dağıtım, Vb Tarihi 2003
300 ## - FİZİKSEL TANIM
Kapsam 335 s.
Diğer Fiziksel Ayrıntıları rnk. res.
Boyutlar 22 sm.
600 ## - KONU KATMA GİRİŞ - KURUMSAL ADI
Kişisel Ad Gönenç, Turgay
Bir Adıyla İlişkilendirilen Tarihler 1939-
Genel Alt Bölümü Şiirler
Kronolojik Alt Bölümü Resimler
650 ## - KONU KATMA GİRİŞ - TOPİKAL DÖNEM
Topikal Süreli Veya Coğrafi Ad Giriş Elemanı Resim sanatı
Genel Alt Bölümü 20. yüzyıl
650 ## - KONU KATMA GİRİŞ - TOPİKAL DÖNEM
Topikal Süreli Veya Coğrafi Ad Giriş Elemanı Resim sanatı
Genel Alt Bölümü Türk ressamlar
650 ## - KONU KATMA GİRİŞ - TOPİKAL DÖNEM
Topikal Süreli Veya Coğrafi Ad Giriş Elemanı Türk edebiyatı
Genel Alt Bölümü Türkçe şiir
942 ## - EKLENDİ GİRİŞ ELEMANLARI (KOHA)
Sınıflandırma Veya Raf Düzeni Kaynak Dewey Decimal Classification
Koha Öğesi Türü Books
999 ## - SİSTEM KONTROL NUMARALARI (KOHA)
Koha Biblionumber 10006
Koha Biblioitemnumber 10006
Holdings
Kalıcı Konum Mevcut Konum Edinme Tarihi Edinim Kaynak Toplam Check-Out'Lar Tam Çağrı Numarası Barkod Tarih Son Görülme İtibaren Geçerli Fiyatlar Koha Öğesi Türü
CHP Kütüphanesi CHP Kütüphanesi 08/25/2016 Bağış   811.42 G75b 2003 002082 08/25/2016 08/25/2016 Books